Коломенское : (Record no. 278990)
[ view plain ]
| 000 -LEADER | |
|---|---|
| fixed length control field | 00599nam a2200181 u 4500 |
| 001 - CONTROL NUMBER | |
| control field | 000754500 |
| 003 - CONTROL NUMBER IDENTIFIER | |
| control field | AM-YeHGA |
| 005 - DATE AND TIME OF LATEST TRANSACTION | |
| control field | 20250617143638.0 |
| 008 - FIXED-LENGTH DATA ELEMENTS--GENERAL INFORMATION | |
| fixed length control field | 100805s1969 ||| r 000 0 rus d |
| 040 ## - CATALOGING SOURCE | |
| Original cataloging agency | AM-YeHGA |
| 041 0# - LANGUAGE CODE | |
| Language code of text/sound track or separate title | rus |
| 090 ## - LOCALLY ASSIGNED LC-TYPE CALL NUMBER (OCLC); LOCAL CALL NUMBER (RLIN) | |
| -- | 280642 |
| 100 1# - MAIN ENTRY--PERSONAL NAME | |
| Personal name | Жиромский, Б.орис Борисович |
| 245 10 - TITLE STATEMENT | |
| Title | Коломенское : |
| Remainder of title | Альбом / |
| Statement of responsibility, etc. | Авт. текста и сост. Б.Б. Жиромский. |
| 260 ## - PUBLICATION, DISTRIBUTION, ETC. | |
| Place of publication, distribution, etc. | Киев : |
| Name of publisher, distributor, etc. | Б. и., |
| Date of publication, distribution, etc. | 1969. |
| 300 ## - PHYSICAL DESCRIPTION | |
| Extent | 24 с. : |
| Other physical details | ил. |
| 653 0# - INDEX TERM--UNCONTROLLED | |
| Uncontrolled term | Архитектурные памятники - Коломенское |
| Withdrawn status | Lost status | Damaged status | Not for loan | Home library | Current library | Date acquired | Total checkouts | Full call number | Barcode | Date last seen | Price effective from | Koha item type | Public note |
|---|---|---|---|---|---|---|---|---|---|---|---|---|---|
| Fundamental Scientific Library | Fundamental Scientific Library | 29/12/2016 | PI/25431 | FL0166412 | 29/12/2016 | 29/12/2016 | Գրքեր / Books | 30 Days Loan |
ՀՀ Գիտությունների ազգային ակադեմիայի հիմնարար գիտական գրադարան = Fundamental Scientific Library of NAS RA
All site content, except where otherwise noted, is licensed under a